Biało-czerwone flagi - Nagła Śmierć - Statystyki

Ogólne statystyki
  • Ten quiz został rozwiązany 57 razy
    56 od ostatniego zresetowania
  • Średni wynik to 12 z 17
Answers on the Grid
Answers color-coded by a green-red scale on the quiz's grid according to % correct below.
Albania
Argentyna
Austria
Bahrajn
Chiny
Dania
Dominika
Grecja
Gruzja
Indonezja
Japonia
Kanada
Katar
Liechtenstein
Łotwa
Luksemburg
Malediwy
Maroko
Monako
Nepal
Nigeria
Papua-Nowa Gwinea
Paragwaj
Peru
Polska
Samoa
Singapur
Szwajcaria
Timor Wschodni
Tonga
Trynidad i Tobago
Tunezja
Turcja
Wietnam
 
Statystyki odpowiedzi
Odpowiedź % Poprawnych
Austria
89%
Polska
86%
Dania
83%
Japonia
83%
Indonezja
80%
Kanada
80%
Monako
74%
Gruzja
71%
Szwajcaria
71%
Turcja
69%
Łotwa
66%
Peru
66%
Singapur
66%
Tunezja
63%
Bahrajn
57%
Katar
54%
Tonga
34%
Nie znaleziono quizów pasujących do podanych kryteriów
Rozkład punktacji
Procent ludzi z każdym wynikiem
Percentyl według liczby udzielonych odpowiedzi
Twoja historia wyników
Nie rozwiązałeś tego quizu od ostatniego zresetowania